| 000 | 00908mam a2200289 a 4500 | ||
|---|---|---|---|
| 001 | 2158429 | ||
| 003 | ARRUPE | ||
| 005 | 20160415144416.0 | ||
| 008 | 980623s1998 enk b 000 0 eng d | ||
| 020 | _a1855065304 (hdbk.) | ||
| 020 | _a1855065312 (pbk.) | ||
| 035 | _a(OCoLC)ocm39332387 | ||
| 035 | _a(NNC)2158429 | ||
| 040 |
_aSNN _cSNN |
||
| 050 | _aB1618.C74J64 1998 | ||
| 100 | 1 |
_aJohnson, Peter, _d1943- _923935 |
|
| 245 | 1 | 0 |
_aR. G. Collingwood : _ban introduction / _cPeter Johnson ; preface by Ray Monk. |
| 260 |
_aBristol, England : _bThoemmes, _c1998. |
||
| 300 |
_axxii, 154 p. ; _c22 cm. |
||
| 490 | 1 | _aBristol introductions | |
| 504 | _aIncludes bibliographical references (p. 149-154). | ||
| 600 | 1 | 0 |
_aCollingwood, R. G. _q(Robin George), _d1889-1943. _923936 |
| 700 | 1 |
_aMonk, Ray. _923937 |
|
| 830 | 0 |
_aBristol introductions. _923938 |
|
| 942 |
_2lcc _cMONOGRAPH |
||
| 999 |
_c124650 _d124650 |
||